| 000 | 00522nam a22001817a 4500 | ||
|---|---|---|---|
| 005 | 20230313070849.0 | ||
| 008 | 230313b |||||||| |||| 00| 0 eng d | ||
| 020 | _a978-0-7553-5942-4 | ||
| 082 | _aFic. L668 2010 | ||
| 100 |
_aLevy, Andrea _eauthor |
||
| 245 |
_aThe long song / _cAndrea Levy |
||
| 260 |
_aGreat Britain: _bHeadline Review, _cc2010 |
||
| 300 |
_a[423]p.: _bill. |
||
| 541 | _e5180 | ||
| 650 | _aSlaves - Jamaica - Fiction | ||
| 650 | _aJamaica - History - To 1962 - Fiction | ||
| 650 | _aHistorical fiction | ||
| 999 |
_c1768 _d1768 |
||